| 000 | 00547nam a22001937a 4500 | ||
|---|---|---|---|
| 999 |
_c18430 _d18430 |
||
| 008 | 200807b xxu||||| |||| 00| 0 eng d | ||
| 020 | _a013309166x | ||
| 050 |
_aBF449 _b.F64 2014 c.1 |
||
| 100 | _aFogler, H. Scott | ||
| 245 |
_aStrategies for Creative Problem Solving _cH. Scott Fogler |
||
| 250 | _a3rd ed. | ||
| 260 |
_aUpper Saddle River _bPrentice Hall _c2014 |
||
| 300 | _axxvi, 343p. | ||
| 650 | _aProblem solving | ||
| 650 | _aCreative thinking | ||
| 700 | _aSteven E. Leblanc | ||
| 700 | _aBenjamin Rizzo | ||
| 942 |
_2lcc _cBK |
||